000 00288 a2200121 4500
001 63849
082 _a808.82 BLY
090 _c37771
_d37771
100 _aBlyton
245 _aFive on Finniston Farm
_hEnglish
260 _aGreat Britain
_bhodder and Stoughton
_c1997
300 _a186p.
942 _aNUST-CAE
_k808.82 BLY
999 _c298922
_d298922